02024nab a2200277uuc4500001000800000005001700008008004100025035001200066040001300078041000800091100004400099245019800143520091500341650003201256650001601288650001601304650002001320650002101340700003901361700004101400700004501441700003301486700004401519700004401563773013901607130659620241118110817.0121121e20120601 spa  a1306596 ccomduadb aspa10aMarquez Arabia, William Henry4auteaut10aRevisión de conceptos actuales : Cadera en resorte interno: revisión de tema y anotaciones sobre la técnica quirúrgica de la tenotomía artroscópica transcapsular con radiofrecuencia3 aLa cadera en resorte interno es un síndrome que se produce por un resalto anormal del tendón del iliopsoas sobre la cabeza femoral. Este fenómeno se presenta asintomático en el 5 % a 10 % de la población, pero en algunos casos puede haber limitación funcional por dolor. El diagnóstico es clínico, aunque las imágenes radiológicas ayudan a descartar otras causas de dolor. El tratamiento inicial es conservador, pero ante la persistencia de los síntomas debe considerarse la cirugía. La tenotomía artroscópica ha demostrado buenos resultados clínicos sin diferencias significativas con respecto al nivel del corte del tendón, presentando un menor riesgo de complicaciones que la vía abierta, por lo que actualmente se considera una buena alternativa. En este artículo se describe la técnica artroscópica de la tenotomía transcapsular del iliopsoas con radiofrecuencia. aArticulación de la cadera aTenotomía aArtroscopia aRadiofrecuencia aMúsculos psoas10aGomez Hoyos, Juan Carlos4auteaut10aLlano Serna, Juan Fernando4auteaut10aAguilera Bohórquez, Bernardo4auteaut10aNossa, Juan Manuel4auteaut10aMárquez Arabia, Jorge Jaime4auteaut10aGallo Villegas, Jaime Alberto4auteaut0 tRevista Colombiana de Ortopedia y Traumatología (Bogotá)gVolumen 26, Número 02, Junio 2012, p. 89-98w433294x0120-88450116335